000 01674nam0a2200349 4500
001 RU\NLR\bibl\1313265
005 20260406100451.0
021 _aRU
_b2008-89697
_95241
035 _a(nilc)EL/0000235109
035 _a(NLR Aleph) 001298690
090 _a605281
_c605281
100 _a20081219d2008 |||y0rusy50 ca
101 0 _arus
102 _aRU
105 _aa |||||||||
200 1 _aБурная жизнь Мирабо
_fАнри де Жувенель
210 _aМосква
_cПодвиг
_cСМ
_d2008
215 _a284, [3] с.
_cил., портр.
_d20
225 1 _aКентавр
_eисторический бестселлер
_iРеволюционеры и царедворцы
_v6.2008
423 0 _12001#$aУренский царь$eповесть$fБорис Ширяев$g[Ольга Акулинина]
_1700#1$3RU\NLR\auth\7724440$aШиряев$bБ. Н.$f1889-1959$gБорис Николаевич$4070
_1210##$aМосква$d2008
_1215##$aС. 210-269$cил.
_tУренский царь
_aШиряев, Борис Николаевич (1889-1959)
610 1 _aисторические романы (х.л.)
686 _a84(0)-4
_vLBC/RL
_2rubbk
686 _aШ6(0)07-446{Лх150-60}
700 1 _4070
_7ca
_8rus
_aЖувенель
_bА. де
_f1876-1935
_gАнри де
_9177929
_3RU\NLR\AUTH\770177980
702 1 _4040
_8rus
_7ca
_aАкулинина
_bО. И.
_cхудожник
_gОльга Игоревна
_3RU\NLR\auth\7776728
_959656
801 0 _aRU
_bНБР Коми
_c20081219
_grcr
801 1 _aRU
_bНБР Коми
_c20081219
_2rusmarc
801 2 _aRU
_bNLR
_c20081226
_grcr
942 _cBOOK
980 _aNB